[Event "EU-ch Hybrid U14"]
[Site "Tornelo INT"]
[Date "2021.10.15"]
[Round "6"]
[White "Ogloblin, Ilya"]
[Black "Zuqanov, Ali"]
[Result "0-1"]
[WhiteElo "1487"]
[BlackElo "1428"]
[PlyCount "114"]
[EventDate "2021.10.15"]
[EventType "swiss"]
[EventRounds "9"]
[EventCountry "NET"]
[SourceTitle "EXT 2023"]
[Source "ChessBase"]
[SourceDate "2022.10.05"]
[SourceVersion "1"]
[SourceVersionDate "2022.10.05"]
[SourceQuality "1"]
[WhiteTeam "Russia"]
[BlackTeam "Azerbaijan"]
[WhiteTeamCountry "RUS"]
[BlackTeamCountry "AZE"]

1. e4 c6 2. d4 d5 3. exd5 cxd5 4. Bd3 Nc6 5. c3 g6 6. Bf4 Bg7 7. h3 Nf6 8. Nf3 0-0 9. 0-0 Nh5 10. Bh2 Bh6 11. Re1 Nf4 12. Bf1 Re8 13. Na3 Qb6 14. Qb3 Qxb3 15. axb3 a6 16. Nc2 Be6 17. Ne5 Rac8 18. b4 Nxe5 19. Rxe5 Ra8 20. g4 g5 21. Re3 Bd7 22. Ne1 Bg7 23. Nd3 Nxd3 24. Bxd3 f6 25. Rae1 e6 26. f4 gxf4 27. Bxf4 a5 28. bxa5 Rxa5 29. g5 fxg5 30. Bxg5 Ra2 31. Rg3 Kh8 32. Rg2 b5 33. Rf1 e5 34. dxe5 Bxh3 35. Rh2 Bxf1 36. Bxh7 Bxe5 37. Bf6+ Bxf6 38. Bb1+ Kg7 39. Bxa2 Bc4 40. b3 Re1+ 41. Kg2 Re2+ 42. Kg1 Rxh2 43. Kxh2 Bxc3 44. bxc4 dxc4 45. Kg3 Kf6 46. Kf4 Ke6 47. Ke4 Kd6 48. Ke3 Kc5 49. Ke2 Kb4 50. Kd1 Ka3 51. Bb1 Kb2 52. Bf5 Be5 53. Bd7 c3 54. Bf5 b4 55. Bc2 b3 56. Bxb3 Kxb3 57. Kc1 c2 0-1

[Event "EU-ch Hybrid U14"]
[Site "Tornelo INT"]
[Date "2021.10.15"]
[Round "9"]
[White "Zuqanov, Ali"]
[Black "Smetana, Peter"]
[Result "0-1"]
[WhiteElo "1428"]
[BlackElo "1626"]
[PlyCount "172"]
[EventDate "2021.10.15"]
[EventType "swiss"]
[EventRounds "9"]
[EventCountry "NET"]
[SourceTitle "EXT 2023"]
[Source "ChessBase"]
[SourceDate "2022.10.05"]
[SourceVersion "1"]
[SourceVersionDate "2022.10.05"]
[SourceQuality "1"]
[WhiteTeam "Azerbaijan"]
[BlackTeam "Slovakia"]
[WhiteTeamCountry "AZE"]
[BlackTeamCountry "SVK"]

1. e4 c5 2. Nf3 Nc6 3. d4 cxd4 4. Nxd4 e5 5. Nb5 d6 6. N1c3 a6 7. Na3 Be6 8. Nd5 Nf6 9. Nxf6+ Qxf6 10. Nc4 Qd8 11. Be3 Be7 12. Qd2 b5 13. Nb6 Rb8 14. Nd5 0-0 15. Be2 Bxd5 16. exd5 Na5 17. g4 Nc4 18. Bxc4 bxc4 19. b3 Qc7 20. h4 Rfc8 21. h5 Qb7 22. h6 g6 23. 0-0 Qb5 24. f4 c3 25. Qf2 Qxd5 26. f5 Rb4 27. Qg3 Qe4 28. f6 Qxg4 29. Qxg4 Rxg4+ 30. Kh2 Bd8 31. Rad1 Rc6 32. Rd3 Rb4 33. Rfd1 Bc7 34. Bf2 Re4 35. Kg3 Re2 36. Rc1 Rd2 37. Re3 Bb6 38. Rf3 Bxf2+ 39. Rxf2 Rxf2 40. Kxf2 Kf8 41. Ke3 Ke8 42. b4 Kd7 43. a4 Ke6 44. Rb1 Kxf6 45. b5 axb5 46. axb5 Rb6 47. Kd3 Kg5 48. Kc4 f5 49. Ra1 f4 50. Ra6 Rb8 51. Rxd6 Kxh6 52. Re6 Kg5 53. Rxe5+ Kg4 54. Kxc3 f3 55. Kd2 h5 56. Re6 Kf5 57. Re3 Rxb5 58. Rxf3+ Kg4 59. Rd3 g5 60. Ke2 Rc5 61. c3 h4 62. Kf2 Rc4 63. Kg2 Kh5 64. Re3 g4 65. Re5+ Kg6 66. Re3 Kf5 67. Kf2 Kf4 68. Rd3 h3 69. Rd8 Rxc3 70. Rf8+ Ke5 71. Re8+ Kf6 72. Rg8 Rf3+ 73. Kg1 Rg3+ 74. Kh2 Rg2+ 75. Kh1 Kf5 76. Ra8 Re2 77. Rf8+ Ke4 78. Kg1 g3 79. Re8+ Kd3 80. Rd8+ Ke3 81. Re8+ Kd2 82. Rd8+ Ke1 83. Rg8 Re3 84. Kh1 Kf2 85. Rf8+ Rf3 86. Ra8 g2+ 0-1

[Event "Baku Ahiita op"]
[Site "Baku"]
[Date "2015.11.18"]
[Round "5"]
[White "Zuqanov, Ali"]
[Black "Hasanzada, Vugar"]
[Result "0-1"]
[WhiteElo "1334"]
[BlackElo "1355"]
[PlyCount "102"]
[EventDate "2015.11.14"]
[EventType "swiss"]
[EventRounds "7"]
[EventCountry "AZE"]
[SourceTitle "EXT 2024"]
[Source "ChessBase"]
[SourceDate "2023.10.10"]
[SourceVersion "1"]
[SourceVersionDate "2023.10.10"]
[SourceQuality "1"]

1. e4 e5 2. Nf3 Nc6 3. Nc3 Nf6 4. Bb5 a6 5. Bxc6 dxc6 6. Nxe5 Nxe4 7. Nxe4 Qd4 8. 0-0 Qxe5 9. Re1 Be6 10. d4 Qd5 11. Nc5 Bxc5 12. dxc5 Qxc5 13. Be3 Qd6 14. Qe2 0-0 15. Rad1 Qe7 16. Qh5 Qf6 17. Bd4 Qf5 18. Qxf5 Bxf5 19. c3 Rfe8 20. Be5 Re7 21. Bd4 Be6 22. Re3 Rd7 23. b3 c5 24. Red3 Rad8 25. Kf1 cxd4 26. cxd4 c5 27. Ke2 cxd4 28. h3 Bd5 29. f3 h6 30. Kf2 Bc6 31. g4 Rd6 32. Kg3 Bb5 33. R3d2 a5 34. a4 Ba6 35. Rc2 d3 36. Rcd2 Rc6 37. Re1 Rdc8 38. Red1 Rc3 39. Rb2 Rc2 40. Rxc2 Rxc2 41. Kf4 Rb2 42. Re1 d2 43. Rd1 Be2 44. Ke3 Bxd1 45. g5 Bxb3 46. gxh6 d1Q 47. Kf4 Bxa4 48. hxg7 Rb4+ 49. Kf5 Qxf3+ 50. Kg5 Qg3+ 51. Kh5 Rh4# 0-1